Consumer society (Record no. 27979)
[ view plain ]
| 000 -LEADER | |
|---|---|
| fixed length control field | 00295nam a2200121Ia 4500 |
| 082 ## - DEWEY DECIMAL CLASSIFICATION NUMBER | |
| Classification number | 330.567.22 |
| Item number | HIR |
| 100 ## - MAIN ENTRY--AUTHOR NAME | |
| Personal name | HIRST, I R C |
| 245 #0 - TITLE STATEMENT | |
| Title | Consumer society |
| 260 ## - PUBLICATION, DISTRIBUTION, ETC. (IMPRINT) | |
| Place of publication | London |
| Name of publisher | Tavistock |
| Year of publication | 1977 |
| 700 ## - ADDED ENTRY--PERSONAL NAME | |
| Personal name | REEKIE, Duncan W |
| 942 ## - ADDED ENTRY ELEMENTS (KOHA) | |
| Koha item type | Books |
| Withdrawn status | Lost status | Damaged status | Not for loan | Home library | Current library | Date acquired | Full call number | Accession Number | Koha item type |
|---|---|---|---|---|---|---|---|---|---|
| RRII Library | RRII Library | 16/12/2021 | 330.567.22 HIR | 08594 | Books |